000 01054nam a22003137a 4500
001 5711
003 FISKH
005 20250122151102.0
008 250115b cb ||||| |||| 00| 0 eng d
020 _a9780531159453
040 _aFISKH
_beng
_cFISKH
_dFISKH
050 _aQL758.S79
082 _a599.15
100 _aSwan, Erin Pembrey
245 _aLand predators of north America /
_cby Erin Pembrey Swan
260 _aNew York :
_bFranklin Watts ,
_c1999.
300 _a47 pages :
_bcolor illustrations ;
_c24 cm .
490 _aAnimals in Order
505 _aX
520 _aIntroduces and identifies fourteen North American land predators, including bears, skunks, and weasels, and offers recommendations for tracking them.
521 8 _a890
_bLexile
521 8 _aX
_bRaz-Plus
650 _aPredatory animals
_vJuvenile literature
650 _aAnimals tracks
_vJuvenile literature
700 _aGonzales, Jose
_eillustrator
700 _aSavage, Steve
_eillustrator
942 _2ddc
_cBK
_n0
999 _c5711
_d5711